000 01196nam0a22002771 4500
001 RU\NLR\BIBL_A\022693701
005 20260407130313.0
021 _aRU
_b81-6648
035 _a(NLR Aleph) 022693701
090 _a13511064
_c13511064
100 _a20251223d1980 u y0rusy50 ca
101 0 _arus
102 _aRU
105 _ay z 000 y
181 0 _ai
_baxxe
182 0 _an
200 1 _aОбеспечение адекватной длительной искусственной вентиляции легких
_eМетод. рекомендации
_fМ-во здравоохранения РСФСР
_g[Сост. А. Б. Грузман]
203 _aТекст
_bвизуальный
_cнепосредственный
210 _aМ.
_cМоск. обл. клинич. ин-т
_d1980
215 _a19 с.
_d20
702 1 _aГрузман
_bА. Б.
_gАрон Борисович
_4220
712 0 2 _4570
_aМосковский областной научно-исследовательский клинический институт им. М. Ф. Владимирского
_3RU\NLR\AUTH\889975103
_9447199
852 _aNLR
_j81-4/11547
942 _cBOOK
980 _aNB